| 000 | 00518nam a2200157 4500 | ||
|---|---|---|---|
| 001 | 140531 | ||
| 003 | ES-MaACL | ||
| 005 | 20230906200111.0 | ||
| 007 | t| | ||
| 008 | 070214s1990 fr r ||||1| fre d | ||
| 100 | 1 |
_aSeignobos, Charles ( _d1854-1942) _9105259 |
|
| 245 | 1 | 0 |
_aHistoire ancienne narrative et descriptive de l'Orient et de la Grèce / _cpar Ch. Seignobos. |
| 260 |
_aParis : _b[s. n.], _c1907 ( _eCoulommiers : _fPaul Brodard) |
||
| 300 |
_a528 p. ; _c18 x 11 cm + _e8 map. |
||
| 852 |
_aES-MaACL _jB-2703 |
||
| 999 |
_c140531 _d140531 |
||